| 000 | 00957nam a22003017a 4500 | ||
|---|---|---|---|
| 003 | CHAP | ||
| 005 | 20220329143601.0 | ||
| 008 | 100722s1969 es r 00010 spa d | ||
| 010 | _a98860 | ||
| 011 | _a99832 | ||
| 035 | _a110518 | ||
| 040 | _cCHAP | ||
| 082 | 1 | 4 |
_a302.3 _bOr11 |
| 100 | 1 |
_aOraison, Marc _983391 |
|
| 245 | 1 | 0 |
_aPsicología de nuestras relaciones con los demás _c/por Marc Oraison |
| 260 |
_aBilbao, Esp. : _bMensajero, _c1969 |
||
| 300 | _a171 p. | ||
| 534 |
_pTít. original : _tEtre avec...La relation a autrux |
||
| 590 |
_aBATCH-UPD _b10 _c20130110 _lUCH01 _h0933 |
||
| 590 |
_aBATCH-UPD _b10 _c20130410 _lUCH01 _h0551 |
||
| 590 |
_aBATCH-UPD _b10 _c20130914 _lUCH01 _h1026 |
||
| 590 |
_aCONVERSION _b10 _c20130109 _lUCH01 _h1355 |
||
| 650 | 1 | 4 |
_aConducta (Psicología) _926343 |
| 650 | 1 | 4 |
_aPsicología social. _992616 |
| 901 | _aBK | ||
| 942 | _cLIBRO | ||
| 949 |
_a302.3 Or11 _bBC _cBPA _d33724002172207 _eBPA _gI.c/e _h112977 _i110518 _sb |
||
| 999 |
_c98860 _d98860 |
||